| 000 -ლიდერი |
| ფიქსირებული სიგრძის საკონტროლო ველი |
02110nam a2200265Ia 4500 |
| 001 - საკონტროლო ნომერი |
| საკონტროლო ველი |
21449 |
| 003 - საკონტროლო ნომრის იდენტიფიკატორი |
| საკონტროლო ველი |
GE_BSU |
| 005 - ბოლო ოპერაციის თარიღი და დრო |
| საკონტროლო ველი |
20211101110236.0 |
| 008 - ფიქსირებული სიგრძის მონაცემთა ელემენტები - ზოგადი ინფორმაცია |
| ფიქსირებული სიგრძის საკონტროლო ველი |
181216s2017||||ge |||||||||||||| ||geo|| |
| 020 ## - წიგნის საერთაშორისო სტანდარტული ნომერი |
| International Standard Book Number |
19877579 |
| 040 ## - კატალოგიზაციის წყარო |
| Transcribing agency |
GE_BSU |
| 041 ## - ენის კოდი |
| Language code of text/sound track or separate title |
geo |
| 080 ## - უნივერსალური ათობითი კლასიფიკაციის ინდექსი |
| Universal Decimal Classification number |
159.9.07 ფ-96 |
| 245 ## - ცნობა სათაურის შესახებ |
| Title |
ფსიქოლოგიური გამოკვლევები : |
| Remainder of title |
ტომი IX / |
| Statement of responsibility, etc |
რედაქტორები : ნოდარ ბარამიძე, გურამ ჩაგანავა; საქ. განათლებისა და მეცნიერების სამინისტრო. შოთა რუსთაველის სახელმწ. უნ-ტი. სოციალურ მეცნიერებათა, ბიზნესისა და სამართალმცოდნეობის ფაკულტეტი. სოციალურ მეცნიერებათა დეპარტამენტი |
| 264 ## - წარმოების, გამოცემის, დისტრიბუციის და სხვა ცნობები |
| გამოცემის, წარმოების, დისტრიბუციის... ადგილი |
ბათუმი : |
| გამოცემის, წარმოების, დისტრიბუციის... სახელწოდება |
გამომცემლობა "თეგი'', |
| გამოცემის, წარმოების, დისტრიბუციის... თარიღი |
2017. |
| 300 ## - ფიზიკური აღწერა |
| Extent |
119 გვ. ; |
| Other physical details |
21 სმ. |
| 500 ## - ზოგადი შენიშვნა |
| General note |
ტექსტი ქართულ და ინგლისურ ენებზე. |
| 504 ## - BIBLIOGRAPHY, ETC. NOTE |
| Bibliography, etc |
ბიბლიოგრ. ტექსტების ბოლოს |
| 653 ## - INDEX TERM--UNCONTROLLED |
| Uncontrolled term |
ფსიქოლოგია |
| 700 ## - ADDED ENTRY--PERSONAL NAME |
| Personal name |
ბარამიძე, ნოდარ |
| Relator term |
რედაქტორი |
| 9 (RLIN) |
12770 |
| 700 ## - ADDED ENTRY--PERSONAL NAME |
| Personal name |
ჩაგანავა, გურამ |
| Relator term |
რედაქტორი |
| 9 (RLIN) |
12771 |
| 710 ## - ADDED ENTRY--CORPORATE NAME |
| Corporate name or jurisdiction name as entry element |
საქ. განათლებისა და მეცნიერების სამინისტრო. შოთა რუსთაველის სახელმწ. უნ-ტი. |
| Subordinate unit |
სოციალურ მეცნიერებათა, ბიზნესისა და სამართალმცოდნეობის ფაკულტეტი. სოციალურ მეცნიერებათა დეპარტამენტი |
| 9 (RLIN) |
12772 |
| 942 ## - ADDED ENTRY ELEMENTS (KOHA) |
| Koha item type |
წიგნი |
| Source of classification or shelving scheme |
|